Finish the Lyrics - Seven Nation Army - Statistics

General Stats
  • This quiz has been taken 91 times
  • The average score is 19 of 30
Answer Stats
Hint Answer % Correct
A seven nation army couldn't hold me ____ back
99%
Takin' their time right behind my ____ back
99%
Back and forth through my ____ mind
86%
They're gonna ___ it off rip
83%
I'm gonna _____ 'em off fight
82%
And I'm talkin' to myself at _____ night
79%
Every single one's got a _____ to tell story
79%
From the Queen of _______ to the Hounds of Hell England
75%
Says, "Leave it _____" alone
74%
But that's what I'll __ do
74%
Because I can't ______ forget
74%
Don't wanna ____ about it hear
74%
And that ain't what you want to ____ hear
74%
Behind a _________ cigarette
70%
Says, "Find a ____" home
68%
Tell me, "Go back ____" home
68%
And if I catch it comin' back my ___ way
66%
Everyone _____ about it knows
64%
And the feelin' comin' from my _____ bones
51%
All the words are gonna _____ from me bleed
48%
Make the sweat drip out of every ____ pore
48%
And the message comin' from my ____ eyes
47%
And I'm _______', and I'm _______', and I'm _______' bleedin'
40%
Right before the ____ Lord
38%
I'm goin' to _______ Wichita
38%
Far from this _____ forevermore opera
36%
I'm gonna _____ it to you serve
35%
And the stains comin' from my _____ blood
30%
I'm gonna work the _____ straw
29%
And I will _____ no more think
29%
No matching quizzes found
Score Distribution
Percent of People with Each Score
Percentile by Number Answered
Your Score History
You have not taken this quiz